| 000 -ლიდერი |
| ფიქსირებული სიგრძის საკონტროლო ველი |
01604nam a22002297a 4500 |
| 003 - საკონტროლო ნომრის იდენტიფიკატორი |
| საკონტროლო ველი |
Ge_BSU |
| 005 - ბოლო ოპერაციის თარიღი და დრო |
| საკონტროლო ველი |
20230404113243.0 |
| 008 - ფიქსირებული სიგრძის მონაცემთა ელემენტები - ზოგადი ინფორმაცია |
| ფიქსირებული სიგრძის საკონტროლო ველი |
230404s1966 ge ||||| |||| 00| 0 geo d |
| 041 ## - ენის კოდი |
| Language code of text/sound track or separate title |
geo |
| 080 ## - უნივერსალური ათობითი კლასიფიკაციის ინდექსი |
| Universal Decimal Classification number |
94(395.4) 94(479.22-21) ხ-34 |
| 100 ## - მთავარი ჩანაწერი - პიროვნების სახელი |
| Personal name |
ხახუტაიშვილი, დავით |
| 9 (RLIN) |
17462 |
| 245 ## - ცნობა სათაურის შესახებ |
| Title |
იბერიის ქალაქთა ისტორიის საკითხები : |
| Remainder of title |
[ანტიკური პერიოდი] / |
| Statement of responsibility, etc |
დავით ხახუტაიშვილი ; საქ. სსრ მეცნ. აკადემია. ივ. ჯავახიშვილის სახ. ისტ., არქეოლ. და ეთნოგრ. ინ-ტი |
| 264 ## - წარმოების, გამოცემის, დისტრიბუციის და სხვა ცნობები |
| გამოცემის, წარმოების, დისტრიბუციის... ადგილი |
თბილისი : |
| გამოცემის, წარმოების, დისტრიბუციის... სახელწოდება |
მეცნიერება, |
| გამოცემის, წარმოების, დისტრიბუციის... თარიღი |
1966. |
| 300 ## - ფიზიკური აღწერა |
| Extent |
255 გვ. ; |
| Other physical details |
22 სმ. |
| 500 ## - ზოგადი შენიშვნა |
| General note |
პარალელ. თავფურც. რუს. ენაზე. |
| 501 ## - შენიშვნა თანმხლებ მასალაზე |
| With note |
საძიებლები: პირთა, გეოგრაფიული და ეთნოგრაფიული სახელები. |
| 504 ## - BIBLIOGRAPHY, ETC. NOTE |
| Bibliography, etc |
ბიბლიოგრ. ტექსტის შენიშვნებში. |
| 520 ## - SUMMARY, ETC. |
| Summary, etc |
რეზუმე რუს. ენაზე: გვ. 216-246. |
| 653 ## - INDEX TERM--UNCONTROLLED |
| Uncontrolled term |
იბერიის ქალაქების ისტორია |
| 710 ## - ADDED ENTRY--CORPORATE NAME |
| Corporate name or jurisdiction name as entry element |
საქ. სსრ მეცნ. აკადემია. |
| Subordinate unit |
ივ. ჯავახიშვილის სახ. ისტ., არქეოლ. და ეთნოგრ. ინ-ტი. |
| 9 (RLIN) |
17463 |
| 942 ## - ADDED ENTRY ELEMENTS (KOHA) |
| Source of classification or shelving scheme |
|
| Koha item type |
წიგნი |